|
|
|
|
| LEADER |
00000nam0a2200000 4500 |
| 001 |
57319 |
| 005 |
20231101211648.0 |
| 035 |
|
|
|a (RuTPU)RU\TPU\book\60463
|
| 090 |
|
|
|a 57319
|
| 100 |
|
|
|a 20031028d2003 m y0engy50 ba
|
| 101 |
0 |
|
|a eng
|
| 102 |
|
|
|a RU
|
| 105 |
|
|
|a aс z 000zy
|
| 200 |
1 |
|
|a Tomsk Polytechnic University 1900-2000
|f Tomsk Polytechnic University
|
| 210 |
|
|
|a Томск
|c Изд-во ТПУ
|d [2003]
|
| 215 |
|
|
|a 7 p.
|c il.
|
| 606 |
1 |
|
|a Томский политехнический университет
|2 stltpush
|3 (RuTPU)RU\TPU\subj\67475
|9 83260
|
| 610 |
1 |
|
|a образование
|
| 610 |
1 |
|
|a высшее образование
|
| 610 |
1 |
|
|a вузы
|
| 610 |
1 |
|
|a университеты
|
| 610 |
1 |
|
|a университетское образование
|
| 610 |
1 |
|
|a Сибирь
|
| 610 |
1 |
|
|a Томск
|
| 610 |
1 |
|
|a ТПУ
|
| 610 |
1 |
|
|a английский язык
|
| 610 |
1 |
|
|a Коллекция История ТПУ
|
| 686 |
|
|
|a Ч484(2)72ТПУ
|2 rubbk
|
| 712 |
0 |
2 |
|a Tomsk Polytechnic University
|2 stltpush
|3 (RuTPU)RU\TPU\col\452
|9 23443
|
| 801 |
|
1 |
|a RU
|b 63413507
|c 20031028
|g PSBO
|
| 801 |
|
2 |
|a RU
|b 63413507
|c 20230628
|g PSBO
|
| 942 |
|
|
|c BK
|